00000000nam 2200000zi 4500
0019.931383
003CaOODSP
00520250514142536
006m     o  d f      
007cr |n|||||||||
008231212t20232023abc     ob   f000 0 fre d
020 |a9780660692869
040 |aCaOODSP|bfre|erda|cCaOODSP
043 |an-cnp--
0861 |aIu98-4/1-2023F-PDF
24503|aLe cadre pour le développement d'une économie verte dans les Prairie.
264 1|a[Edmonton] : |bGouvernement du Canada = Government of Canada, |c[2023]
264 4|c©2023
300 |a1 ressource en ligne (9, 1, 1 pages)
336 |atexte|btxt|2rdacontent/fre
337 |ainformatique|bc|2rdamedia/fre
338 |aressource en ligne|bcr|2rdacarrier/fre
500 |aPublié aussi en anglais sous le titre : The framework to build a green Prairie economy.
504 |aComprend des références bibliographiques.
650 6|aDéveloppement durable|xPolitique gouvernementale|zProvinces des Prairies.
650 6|aTechnologie de protection de l'environnement|xPolitique gouvernementale|zProvinces des Prairies.
650 6|aÉnergies propres|xPolitique gouvernementale|zProvinces des Prairies.
650 6|aDéveloppement économique|xPolitique gouvernementale|zProvinces des Prairies.
651 6|aProvinces des Prairies|xPolitique économique.
7101 |aCanada. |bDéveloppement économique Canada pour les Prairies, |eorganisme de publication.
77508|tThe framework to build a green Prairie economy.|w(CaOODSP)9.931381
85640|qPDF|s708 Ko|uhttps://publications.gc.ca/collections/collection_2024/prairiescan/Iu98-4-1-2023-fra.pdf
8564 |qHTML|sS.O.|uhttps://www.canada.ca/fr/developpement-economique-prairies/programmes/economie-verte-prairies/cadre.html